[Event "Eurasia Open Cup 2019"]
[Site "Ekaterinburg"]
[Date "2019.08.08"]
[Round "8.39"]
[White "Druchenko, Mikhail"]
[Black "Garifullina, Leya"]
[Result "0-1"]
[WhiteElo "1829"]
[BlackElo "2268"]
[Annotator "NA"]
[PlyCount "96"]
[EventDate "2019.07.31"]
[EventType "swiss"]
[EventCountry "RUS"]
[SourceTitle "playchess.com"]
[Source "ChessBase"]
[SourceQuality "1"]
[TimeControl "5400+30"]

1. e4 {[%emt 0:00:00]} c5 {[%emt 0:00:00]} 2. Nf3 {[%emt 0:00:00]} d6 {[%emt 0:00:00]} 3. c3 {[%emt 0:00:00]} Nf6 {[%emt 0:00:00]} 4. Bd3 {[%emt 0:00:00]} Nc6 {[%emt 0:00:16]} 5. O-O {[%emt 0:00:00]} d5 {[%emt 0:00:07]} 6. e5 {[%emt 0:08:04]} c4 {[%emt 0:00:25]} 7. Bc2 {[%emt 0:00:29]} Nd7 {[%emt 0:00:44]} 8. Re1 {[%emt 0:00:46]} Qc7 {[%emt 0:05:48]} 9. d4 {[%emt 0:07:05]} cxd3 {[%emt 0:00:30]} 10. Bxd3 {[%emt 0:00:04]} e6 {[%emt 0:01:28]} 11. Bf4 {[%emt 0:01:10]} Be7 {[%emt 0:01:37]} 12. Nbd2 {[%emt 0:07:51]} Nb6 {[%emt 0:01:19]} 13. c4 {[%emt 0:02:51]} Nb4 {[%emt 0:02:00]} 14. Bf1 {[%emt 0:01:35]} dxc4 {[%emt 0:01:10]} 15. Qc1 {[%emt 0:03:11]} Bd7 {[%emt 0:03:12]} 16. a3 {[%emt 0:01:28]} N4d5 {[%emt 0:04:47]} 17. Nxc4 {[%emt 0:00:24]} Nxc4 {[%emt 0:01:20]} 18. Bxc4 {[%emt 0:00:36]} Nxf4 {[%emt 0:02:37]} 19. Qxf4 {[%emt 0:00:00]} O-O {[%emt 0:01:35]} 20. Rac1 {[%emt 0:03:23]} Qb6 {[%emt 0:00:17]} 21. Qd2 {[%emt 0:00:12]} Bc6 {[%emt 0:00:43]} 22. Qe2 {[%emt 0:01:35]} Rfd8 {[%emt 0:01:45]} 23. Red1 {[%emt 0:02:38]} a5 {[%emt 0:01:32]} 24. Rd3 {[%emt 0:08:28]} Rxd3 {[%emt 0:01:03]} 25. Bxd3 {[%emt 0:00:09]} Rd8 {[%emt 0:00:08]} 26. h3 {[%emt 0:02:52]} g6 {[%emt 0:04:38]} 27. Rc2 {[%emt 0:15:19]} Bc5 {[%emt 0:05:55]} 28. Bc4 {[%emt 0:08:20]} Bd4 {[%emt 0:04:44]} 29. Rd2 {[%emt 0:04:47]} Bxf3 {[%emt 0:00:40]} 30. gxf3 {[%emt 0:00:34]} Rc8 {[%emt 0:00:53]} 31. Rc2 {[%emt 0:01:18]} Qd8 {[%emt 0:03:49]} 32. f4 {[%emt 0:02:03]} Qh4 {[%emt 0:01:17]} 33. Qf3 {[%emt 0:02:37]} b5 {[%emt 0:01:09]} 34. Bd3 {[%emt 0:00:29]} Rxc2 {[%emt 0:00:42]} 35. Bxc2 {[%emt 0:00:04]} Bxb2 {[%emt 0:00:34]} 36. Qe3 {[%emt 0:00:06]} Qd8 {[%emt 0:02:10]} 37. Bd3 {[%emt 0:01:24]} b4 {[%emt 0:00:50]} 38. axb4 {[%emt 0:00:27]} axb4 {[%emt 0:00:03]} 39. Bc2 {[%emt 0:00:14]} Bc3 {[%emt 0:02:48]} 40. Kh2 {[%emt 0:01:21]} Qd5 {[%emt 0:02:02]} 41. Kg3 {[%emt 0:02:24]} Bd2 {[%emt 0:00:56]} 42. Qf3 {[%emt 0:01:03]} Qd4 {[%emt 0:01:40]} 43. Bb3 {[%emt 0:00:42]} Kg7 {[%emt 0:01:16]} 44. Bd1 {[%emt 0:03:09]} h5 {[%emt 0:01:37]} 45. Bc2 {[%emt 0:01:24]} Qc4 {[%emt 0:02:50]} 46. Bb3 {[%emt 0:01:27]} Qf1 {[%emt 0:01:24]} 47. Kh4 {[%emt 0:01:00]} Be1 {[%emt 0:03:42]} 48. Kg3 {[%emt 0:00:00]} h4+ {[%emt 0:00:39]} 0-1

[Event "Eurasia Open Cup 2019"]
[Site "Ekaterinburg"]
[Date "2019.08.08"]
[Round "8.40"]
[White "Akhtariev, Andrey"]
[Black "Kirillov, Anton"]
[Result "0-1"]
[WhiteElo "2243"]
[BlackElo "1855"]
[Annotator "NA"]
[PlyCount "165"]
[EventDate "2019.07.31"]
[EventType "swiss"]
[EventCountry "RUS"]
[SourceTitle "playchess.com"]
[Source "ChessBase"]
[SourceQuality "1"]
[TimeControl "5400+30"]

1. c4 {[%emt 0:00:00]} c6 {[%emt 0:00:00]} 2. Nc3 {[%emt 0:00:00]} d5 {[%emt 0:00:00]} 3. e4 {[%emt 0:00:00]} dxe4 {[%emt 0:00:14]} 4. Nxe4 {[%emt 0:00:06]} Bf5 {[%emt 0:00:00]} 5. Ng3 {[%emt 0:01:33]} Bg6 {[%emt 0:00:05]} 6. Nf3 {[%emt 0:00:48]} Nd7 {[%emt 0:00:16]} 7. d4 {[%emt 0:03:19]} e6 {[%emt 0:00:16]} 8. Be2 {[%emt 0:00:32]} Ngf6 {[%emt 0:00:32]} 9. O-O {[%emt 0:00:32]} Bd6 {[%emt 0:00:10]} 10. Bd2 {[%emt 0:03:24]} O-O {[%emt 0:03:59]} 11. c5 {[%emt 0:09:50]} Bc7 {[%emt 0:01:10]} 12. Qb3 {[%emt 0:00:42]} Rb8 {[%emt 0:03:29]} 13. Rfd1 {[%emt 0:01:51]} Nd5 {[%emt 0:02:00]} 14. Rac1 {[%emt 0:01:19]} Qe7 {[%emt 0:02:33]} 15. Qa3 {[%emt 0:02:02]} a6 {[%emt 0:01:36]} 16. Re1 {[%emt 0:02:21]} N7f6 {[%emt 0:02:37]} 17. Bc4 {[%emt 0:03:09]} Bf4 {[%emt 0:11:49]} 18. Rcd1 {[%emt 0:02:11]} Rfd8 {[%emt 0:11:00]} 19. Bf1 {[%emt 0:03:44]} Bxg3 {[%emt 0:06:31]} 20. hxg3 {[%emt 0:00:33]} Bh5 {[%emt 0:00:06]} 21. b4 {[%emt 0:01:43]} Rd7 {[%emt 0:01:18]} 22. Qb3 {[%emt 0:01:08]} Rbd8 {[%emt 0:03:16]} 23. a4 {[%emt 0:01:20]} Nc7 {[%emt 0:01:20]} 24. Bc3 {[%emt 0:02:30]} Nfd5 {[%emt 0:00:31]} 25. Bb2 {[%emt 0:00:32]} Bxf3 {[%emt 0:04:38]} 26. gxf3 {[%emt 0:00:11]} h5 {[%emt 0:00:52]} 27. f4 {[%emt 0:00:56]} Qf6 {[%emt 0:01:37]} 28. Re5 {[%emt 0:00:51]} h4 {[%emt 0:02:55]} 29. Be2 {[%emt 0:00:41]} g6 {[%emt 0:06:23]} 30. Kg2 {[%emt 0:01:53]} Kg7 {[%emt 0:04:47]} 31. Qf3 {[%emt 0:01:18]} Rh8 {[%emt 0:01:12]} 32. Rh1 {[%emt 0:00:21]} Rdd8 {[%emt 0:00:51]} 33. Bd3 {[%emt 0:00:58]} Rh7 {[%emt 0:06:09]} 34. Bc1 {[%emt 0:07:29]} Nxb4 {[%emt 0:03:55]} 35. Bb1 {[%emt 0:04:12]} Nbd5 {[%emt 0:01:04]} 36. Qg4 {[%emt 0:04:22]} Ne7 {[%emt 0:10:41]} 37. Qf3 {[%emt 0:08:29]} hxg3 {[%emt 0:01:13]} 38. Rxh7+ {[%emt 0:00:57]} Kxh7 {[%emt 0:00:04]} 39. fxg3 {[%emt 0:00:08]} Nf5 {[%emt 0:00:12]} 40. Bb2 {[%emt 0:01:22]} Rd5 {[%emt 0:00:31]} 41. Re1 {[%emt 0:02:12]} Nxd4 {[%emt 0:01:47]} 42. Qe3 {[%emt 0:04:12]} Qd8 {[%emt 0:01:49]} 43. Be4 {[%emt 0:01:20]} Rd7 {[%emt 0:01:48]} 44. Rd1 {[%emt 0:04:15]} e5 {[%emt 0:00:14]} 45. Qd2 {[%emt 0:05:20]} Nce6 {[%emt 0:01:03]} 46. fxe5 {[%emt 0:02:12]} Kg8 {[%emt 0:00:32]} 47. Qb4 {[%emt 0:04:52]} Nc2 {[%emt 0:01:25]} 48. Rxd7 {[%emt 0:00:40]} Nxb4 {[%emt 0:00:07]} 49. Rxd8+ {[%emt 0:00:03]} Nxd8 {[%emt 0:00:02]} 50. Ba3 {[%emt 0:01:05]} a5 {[%emt 0:00:32]} 51. Bc1 {[%emt 0:01:44]} Ne6 {[%emt 0:00:09]} 52. Be3 {[%emt 0:00:28]} Na6 {[%emt 0:00:12]} 53. Bc2 {[%emt 0:01:04]} Naxc5 {[%emt 0:00:13]} 54. Bd2 {[%emt 0:00:09]} b6 {[%emt 0:00:47]} 55. Bd1 {[%emt 0:01:01]} Nd4 {[%emt 0:01:40]} 56. Be3 {[%emt 0:00:21]} Nce6 {[%emt 0:00:28]} 57. Bd2 {[%emt 0:00:27]} Kf8 {[%emt 0:00:10]} 58. Kf2 {[%emt 0:00:11]} Ke7 {[%emt 0:00:09]} 59. g4 {[%emt 0:00:13]} Kd7 {[%emt 0:03:24]} 60. Ke3 {[%emt 0:00:09]} c5 {[%emt 0:01:01]} 61. Kd3 {[%emt 0:00:14]} Nc6 {[%emt 0:00:36]} 62. Bc3 {[%emt 0:01:20]} Ned4 {[%emt 0:00:05]} 63. Ke4 {[%emt 0:01:00]} Ke6 {[%emt 0:00:18]} 64. g5 {[%emt 0:00:46]} Nxe5 {[%emt 0:00:50]} 65. Bxd4 {[%emt 0:00:27]} cxd4 {[%emt 0:00:03]} 66. Kxd4 {[%emt 0:00:03]} Kd6 {[%emt 0:00:11]} 67. Be2 {[%emt 0:00:13]} Nc6+ {[%emt 0:00:13]} 68. Kc4 {[%emt 0:00:27]} Nd8 {[%emt 0:00:16]} 69. Kb5 {[%emt 0:01:20]} Kc7 {[%emt 0:00:09]} 70. Bf3 {[%emt 0:00:13]} Ne6 {[%emt 0:00:09]} 71. Bd5 {[%emt 0:00:04]} Nxg5 {[%emt 0:00:12]} 72. Bc6 {[%emt 0:00:04]} f5 {[%emt 0:01:08]} 73. Be8 {[%emt 0:00:07]} f4 {[%emt 0:00:06]} 74. Kc4 {[%emt 0:00:09]} Nf3 {[%emt 0:01:07]} 75. Kd3 {[%emt 0:01:05]} g5 {[%emt 0:00:28]} 76. Ke4 {[%emt 0:00:03]} Nd2+ {[%emt 0:01:36]} 77. Kd3 {[%emt 0:00:04]} Nb3 {[%emt 0:00:12]} 78. Ke4 {[%emt 0:00:46]} Nc5+ {[%emt 0:00:12]} 79. Kf5 {[%emt 0:00:17]} f3 {[%emt 0:00:19]} 80. Kg4 {[%emt 0:00:21]} f2 {[%emt 0:00:14]} 81. Bb5 {[%emt 0:00:02]} Ne4 {[%emt 0:00:09]} 82. Kf3 {[%emt 0:00:13]} f1=Q+ {[%emt 0:00:07]} 83. Ke3 {[%emt 0:00:45]} 0-1

[Event "Eurasia Open Cup 2019"]
[Site "Ekaterinburg"]
[Date "2019.08.08"]
[Round "8.41"]
[White "Manakova, Maria"]
[Black "Voinikonis, Nikita"]
[Result "1-0"]
[WhiteElo "2237"]
[BlackElo "2137"]
[Annotator "NA"]
[PlyCount "83"]
[EventDate "2019.07.31"]
[EventType "swiss"]
[EventCountry "RUS"]
[SourceTitle "playchess.com"]
[Source "ChessBase"]
[SourceQuality "1"]
[TimeControl "5400+30"]

1. g3 {[%emt 0:00:00]} e5 {[%emt 0:00:23]} 2. Bg2 {[%emt 0:00:00]} h5 {[%emt 0:01:00]} 3. h4 {[%emt 0:14:18]} d5 {[%emt 0:00:43]} 4. d3 {[%emt 0:00:48]} Nc6 {[%emt 0:00:21]} 5. Nf3 {[%emt 0:00:26]} Nf6 {[%emt 0:00:16]} 6. O-O {[%emt 0:02:02]} Bc5 {[%emt 0:05:08]} 7. c3 {[%emt 0:02:25]} a5 {[%emt 0:00:11]} 8. d4 {[%emt 0:01:09]} Bd6 {[%emt 0:00:21]} 9. dxe5 {[%emt 0:03:13]} Nxe5 {[%emt 0:00:06]} 10. Nxe5 {[%emt 0:08:57]} Bxe5 {[%emt 0:00:05]} 11. Nd2 {[%emt 0:01:35]} c6 {[%emt 0:10:39]} 12. c4 {[%emt 0:02:05]} O-O {[%emt 0:03:43]} 13. cxd5 {[%emt 0:00:47]} Nxd5 {[%emt 0:00:05]} 14. Nc4 {[%emt 0:00:42]} Bc7 {[%emt 0:02:43]} 15. e4 {[%emt 0:13:31]} Nb6 {[%emt 0:05:20]} 16. Ne3 {[%emt 0:01:19]} Qxd1 {[%emt 0:00:47]} 17. Rxd1 {[%emt 0:00:00]} Be6 {[%emt 0:00:18]} 18. Nf5 {[%emt 0:11:23]} Rfd8 {[%emt 0:08:35]} 19. Bd2 {[%emt 0:00:15]} Na4 {[%emt 0:00:37]} 20. Be3 {[%emt 0:07:41]} Nxb2 {[%emt 0:03:34]} 21. Rxd8+ {[%emt 0:07:33]} Rxd8 {[%emt 0:00:05]} 22. Rb1 {[%emt 0:00:45]} Rd1+ {[%emt 0:00:31]} 23. Rxd1 {[%emt 0:00:05]} Nxd1 {[%emt 0:00:05]} 24. Bd4 {[%emt 0:03:21]} Bxa2 {[%emt 0:01:19]} 25. Nxg7 {[%emt 0:07:46]} c5 {[%emt 0:02:30]} 26. Ba1 {[%emt 0:00:05]} c4 {[%emt 0:00:20]} 27. Bf3 {[%emt 0:00:05]} Bb3 {[%emt 0:00:15]} 28. Nxh5 {[%emt 0:00:15]} Bd8 {[%emt 0:24:06]} 29. Nf6+ {[%emt 0:03:15]} Kg7 {[%emt 0:15:27]} 30. Nd5+ {[%emt 0:02:54]} Kh6 {[%emt 0:00:10]} 31. Kf1 {[%emt 0:00:55]} a4 {[%emt 0:00:54]} 32. Ke1 {[%emt 0:03:34]} Ba5+ {[%emt 0:00:14]} 33. Kf1 {[%emt 0:00:17]} Bd2 {[%emt 0:06:16]} 34. g4 {[%emt 0:00:51]} Bc1 {[%emt 0:01:36]} 35. g5+ {[%emt 0:00:17]} Kg6 {[%emt 0:00:34]} 36. Bf6 {[%emt 0:00:58]} c3 {[%emt 0:05:54]} 37. Ne7+ {[%emt 0:00:52]} Kh7 {[%emt 0:00:06]} 38. Bg4 {[%emt 0:00:28]} Bc4+ {[%emt 0:00:51]} 39. Kg2 {[%emt 0:00:40]} Be6 {[%emt 0:01:06]} 40. Bxe6 {[%emt 0:00:25]} fxe6 {[%emt 0:00:07]} 41. g6+ {[%emt 0:00:03]} Kh6 {[%emt 0:00:14]} 42. g7 {[%emt 0:00:12]} 1-0

[Event "Eurasia Open Cup 2019"]
[Site "Ekaterinburg"]
[Date "2019.08.08"]
[Round "8.42"]
[White "Fomin, Pavel V."]
[Black "Odegov, Artem"]
[Result "1/2-1/2"]
[WhiteElo "2103"]
[BlackElo "2261"]
[Annotator "NA"]
[PlyCount "83"]
[EventDate "2019.07.31"]
[EventType "swiss"]
[EventCountry "RUS"]
[SourceTitle "playchess.com"]
[Source "ChessBase"]
[SourceQuality "1"]
[TimeControl "5400+30"]

1. c4 {[%emt 0:00:00]} e5 {[%emt 0:00:00]} 2. g3 {[%emt 0:00:00]} c6 {[%emt 0:00:00]} 3. Bg2 {[%emt 0:00:00]} Nf6 {[%emt 0:00:33]} 4. d3 {[%emt 0:10:21]} Bb4+ {[%emt 0:07:21]} 5. Bd2 {[%emt 0:01:19]} Bxd2+ {[%emt 0:00:11]} 6. Qxd2 {[%emt 0:05:56]} O-O {[%emt 0:00:22]} 7. Nf3 {[%emt 0:03:07]} Re8 {[%emt 0:01:14]} 8. O-O {[%emt 0:00:38]} d5 {[%emt 0:02:14]} 9. e3 {[%emt 0:05:41]} Bg4 {[%emt 0:12:31]} 10. h3 {[%emt 0:11:24]} Bxf3 {[%emt 0:10:34]} 11. Bxf3 {[%emt 0:00:06]} Qd7 {[%emt 0:04:35]} 12. Bg2 {[%emt 0:06:50]} Na6 {[%emt 0:06:22]} 13. cxd5 {[%emt 0:00:47]} cxd5 {[%emt 0:00:08]} 14. d4 {[%emt 0:01:45]} e4 {[%emt 0:01:13]} 15. Rc1 {[%emt 0:01:20]} Nc7 {[%emt 0:05:19]} 16. Qe2 {[%emt 0:04:56]} Rec8 {[%emt 0:03:09]} 17. Kh2 {[%emt 0:08:37]} Nfe8 {[%emt 0:02:08]} 18. Nd2 {[%emt 0:04:02]} Nd6 {[%emt 0:00:26]} 19. Rc2 {[%emt 0:07:59]} Ne6 {[%emt 0:01:15]} 20. Rac1 {[%emt 0:00:10]} Rxc2 {[%emt 0:10:52]} 21. Rxc2 {[%emt 0:00:02]} Qa4 {[%emt 0:00:06]} 22. b3 {[%emt 0:00:05]} Qd7 {[%emt 0:00:45]} 23. Nb1 {[%emt 0:00:35]} Nf5 {[%emt 0:00:25]} 24. Qd1 {[%emt 0:02:25]} Ne7 {[%emt 0:04:26]} 25. a3 {[%emt 0:03:16]} Rd8 {[%emt 0:02:03]} 26. Rc3 {[%emt 0:04:11]} f5 {[%emt 0:12:47]} 27. Nd2 {[%emt 0:03:12]} Qd6 {[%emt 0:02:40]} 28. b4 {[%emt 0:04:25]} b6 {[%emt 0:01:40]} 29. Qa4 {[%emt 0:00:07]} Qd7 {[%emt 0:02:22]} 30. Qc2 {[%emt 0:01:33]} Rc8 {[%emt 0:00:13]} 31. Bf1 {[%emt 0:02:37]} Rxc3 {[%emt 0:02:46]} 32. Qxc3 {[%emt 0:01:03]} Qc7 {[%emt 0:00:00]} 33. Qxc7 {[%emt 0:00:12]} Nxc7 {[%emt 0:00:11]} 34. g4 {[%emt 0:01:06]} Kf7 {[%emt 0:00:03]} 35. Kg3 {[%emt 0:00:14]} Kf6 {[%emt 0:01:16]} 36. Be2 {[%emt 0:00:09]} Ne6 {[%emt 0:00:57]} 37. h4 {[%emt 0:00:34]} h6 {[%emt 0:01:18]} 38. Bb5 {[%emt 0:03:10]} f4+ {[%emt 0:01:40]} 39. Kg2 {[%emt 0:01:41]} fxe3 {[%emt 0:01:01]} 40. fxe3 {[%emt 0:00:44]} Nc7 {[%emt 0:00:33]} 41. Be2 {[%emt 0:00:07]} g5 {[%emt 0:00:23]} 42. h5 {[%emt 0:00:42]} 1/2-1/2

[Event "Eurasia Open Cup 2019"]
[Site "Ekaterinburg"]
[Date "2019.08.08"]
[Round "8.43"]
[White "Mamontova, Anastasia"]
[Black "Kolay, Alex"]
[Result "1/2-1/2"]
[WhiteElo "1989"]
[BlackElo "2229"]
[Annotator "NA"]
[PlyCount "48"]
[EventDate "2019.07.31"]
[EventType "swiss"]
[EventCountry "RUS"]
[SourceTitle "playchess.com"]
[Source "ChessBase"]
[SourceQuality "1"]
[TimeControl "5400+30"]

1. e4 {[%emt 0:00:00]} e6 {[%emt 0:00:00]} 2. d4 {[%emt 0:00:00]} d5 {[%emt 0:00:00]} 3. Nd2 {[%emt 0:00:00]} c5 {[%emt 0:00:00]} 4. exd5 {[%emt 0:00:00]} Qxd5 {[%emt 0:00:01]} 5. Ngf3 {[%emt 0:00:00]} cxd4 {[%emt 0:00:10]} 6. Bc4 {[%emt 0:00:00]} Qd6 {[%emt 0:00:05]} 7. Qe2 {[%emt 0:00:31]} Nf6 {[%emt 0:00:27]} 8. Nb3 {[%emt 0:00:16]} Nc6 {[%emt 0:00:17]} 9. Bg5 {[%emt 0:00:43]} a6 {[%emt 0:11:51]} 10. O-O-O {[%emt 0:00:21]} Qc7 {[%emt 0:03:49]} 11. Nbxd4 {[%emt 0:09:40]} Nxd4 {[%emt 0:00:48]} 12. Nxd4 {[%emt 0:00:16]} Be7 {[%emt 0:00:27]} 13. Rhe1 {[%emt 0:19:15]} h6 {[%emt 0:03:13]} 14. Bd2 {[%emt 0:13:03]} O-O {[%emt 0:03:59]} 15. f4 {[%emt 0:05:54]} Bd6 {[%emt 0:01:49]} 16. g3 {[%emt 0:04:33]} b5 {[%emt 0:08:10]} 17. Bd3 {[%emt 0:07:40]} Bb7 {[%emt 0:00:39]} 18. Nf3 {[%emt 0:04:15]} Rfe8 {[%emt 0:07:13]} 19. Ne5 {[%emt 0:00:51]} Nd5 {[%emt 0:04:17]} 20. Qe4 {[%emt 0:18:20]} Nf6 {[%emt 0:02:10]} 21. Qe2 {[%emt 0:00:15]} Nd5 {[%emt 0:17:44]} 22. Qe4 {[%emt 0:03:02]} Nf6 {[%emt 0:01:41]} 23. Qe2 {[%emt 0:00:10]} Rab8 {[%emt 0:00:00]} 24. g4 {[%emt 0:00:00]} Rbd8 {[%emt 0:00:05]} 1/2-1/2

[Event "Eurasia Open Cup 2019"]
[Site "Ekaterinburg"]
[Date "2019.08.08"]
[Round "8.44"]
[White "Larichev, Dmitry"]
[Black "Ufimtsev, Egor"]
[Result "1/2-1/2"]
[WhiteElo "2225"]
[BlackElo "2148"]
[Annotator "NA"]
[PlyCount "146"]
[EventDate "2019.07.31"]
[EventType "swiss"]
[EventCountry "RUS"]
[SourceTitle "playchess.com"]
[Source "ChessBase"]
[SourceQuality "1"]
[TimeControl "5400+30"]

1. e4 {[%emt 0:00:00]} c6 {[%emt 0:00:00]} 2. d4 {[%emt 0:00:00]} d5 {[%emt 0:00:00]} 3. Nc3 {[%emt 0:00:56]} dxe4 {[%emt 0:00:00]} 4. Nxe4 {[%emt 0:00:00]} Nf6 {[%emt 0:00:00]} 5. Nxf6+ {[%emt 0:00:05]} exf6 {[%emt 0:00:00]} 6. Bf4 {[%emt 0:01:37]} Qb6 {[%emt 0:02:12]} 7. Qe2+ {[%emt 0:07:50]} Be6 {[%emt 0:01:25]} 8. O-O-O {[%emt 0:00:05]} Be7 {[%emt 0:11:14]} 9. c4 {[%emt 0:00:22]} O-O {[%emt 0:06:21]} 10. Qc2 {[%emt 0:03:45]} Qa5 {[%emt 0:08:37]} 11. Kb1 {[%emt 0:00:42]} Na6 {[%emt 0:08:44]} 12. Bd2 {[%emt 0:03:44]} Nb4 {[%emt 0:01:28]} 13. Bxb4 {[%emt 0:00:10]} Bxb4 {[%emt 0:01:33]} 14. Bd3 {[%emt 0:00:11]} h6 {[%emt 0:00:58]} 15. Ne2 {[%emt 0:01:45]} Bd6 {[%emt 0:04:00]} 16. Ng3 {[%emt 0:02:26]} Rfd8 {[%emt 0:05:57]} 17. Bh7+ {[%emt 0:06:02]} Kh8 {[%emt 0:00:58]} 18. Be4 {[%emt 0:02:36]} Rac8 {[%emt 0:07:13]} 19. Rhe1 {[%emt 0:03:08]} b5 {[%emt 0:03:01]} 20. Bf5 {[%emt 0:05:06]} Bxc4 {[%emt 0:04:28]} 21. b3 {[%emt 0:00:00]} Rb8 {[%emt 0:02:07]} 22. Ne4 {[%emt 0:09:34]} Bf8 {[%emt 0:09:05]} 23. Re3 {[%emt 0:07:12]} Be6 {[%emt 0:02:38]} 24. Bxe6 {[%emt 0:00:56]} fxe6 {[%emt 0:00:05]} 25. Qxc6 {[%emt 0:01:10]} Qb6 {[%emt 0:01:04]} 26. Qxb6 {[%emt 0:00:56]} Rxb6 {[%emt 0:00:20]} 27. Red3 {[%emt 0:00:05]} f5 {[%emt 0:01:31]} 28. Nc3 {[%emt 0:04:20]} b4 {[%emt 0:00:15]} 29. Ne2 {[%emt 0:00:20]} Rbd6 {[%emt 0:04:22]} 30. h4 {[%emt 0:06:01]} Be7 {[%emt 0:01:46]} 31. h5 {[%emt 0:00:52]} Bf6 {[%emt 0:00:00]} 32. f3 {[%emt 0:06:03]} Kg8 {[%emt 0:00:39]} 33. Nf4 {[%emt 0:02:25]} Bg5 {[%emt 0:00:54]} 34. Ng6 {[%emt 0:00:38]} Bf6 {[%emt 0:01:11]} 35. Nf4 {[%emt 0:02:00]} Bg5 {[%emt 0:00:15]} 36. Ng6 {[%emt 0:00:04]} Bf6 {[%emt 0:00:38]} 37. Nf4 {[%emt 0:00:08]} Kf7 {[%emt 0:04:08]} 38. d5 {[%emt 0:06:31]} exd5 {[%emt 0:03:25]} 39. Nxd5 {[%emt 0:03:53]} a5 {[%emt 0:00:12]} 40. Nxb4 {[%emt 0:00:12]} Rxd3 {[%emt 0:00:15]} 41. Nxd3 {[%emt 0:00:37]} Rd4 {[%emt 0:00:57]} 42. g3 {[%emt 0:00:46]} Ke7 {[%emt 0:01:18]} 43. Kc2 {[%emt 0:00:14]} Rd8 {[%emt 0:00:51]} 44. Re1+ {[%emt 0:01:13]} Kd6 {[%emt 0:00:29]} 45. Nb2 {[%emt 0:00:17]} Rc8+ {[%emt 0:00:55]} 46. Nc4+ {[%emt 0:00:05]} Kd5 {[%emt 0:00:38]} 47. Kd3 {[%emt 0:04:01]} Kc5 {[%emt 0:00:03]} 48. Ne3 {[%emt 0:01:49]} Kb4 {[%emt 0:02:40]} 49. Nxf5 {[%emt 0:01:45]} Rc3+ {[%emt 0:00:44]} 50. Ke4 {[%emt 0:00:14]} Rc2 {[%emt 0:00:05]} 51. Re3 {[%emt 0:04:32]} Rxa2 {[%emt 0:00:13]} 52. Nd6 {[%emt 0:00:18]} Rd2 {[%emt 0:01:03]} 53. Ne8 {[%emt 0:00:50]} Bc3 {[%emt 0:01:14]} 54. Nc7 {[%emt 0:00:49]} Kxb3 {[%emt 0:00:49]} 55. Nb5 {[%emt 0:00:05]} Rc2 {[%emt 0:00:10]} 56. Nd4+ {[%emt 0:00:02]} Kb2 {[%emt 0:00:04]} 57. Nxc2 {[%emt 0:00:14]} Kxc2 {[%emt 0:00:01]} 58. Kd5 {[%emt 0:03:50]} Kb3 {[%emt 0:00:18]} 59. Re7 {[%emt 0:01:15]} a4 {[%emt 0:00:03]} 60. Rb7+ {[%emt 0:00:05]} Bb4 {[%emt 0:00:05]} 61. Rxg7 {[%emt 0:00:15]} a3 {[%emt 0:00:22]} 62. Ra7 {[%emt 0:00:33]} a2 {[%emt 0:00:04]} 63. Rxa2 {[%emt 0:00:14]} Kxa2 {[%emt 0:00:02]} 64. Ke6 {[%emt 0:00:48]} Kb3 {[%emt 0:00:04]} 65. f4 {[%emt 0:00:53]} Kc4 {[%emt 0:00:04]} 66. Kf7 {[%emt 0:00:44]} Kd5 {[%emt 0:00:44]} 67. Kg7 {[%emt 0:00:30]} Be1 {[%emt 0:01:12]} 68. g4 {[%emt 0:00:03]} Ke4 {[%emt 0:00:32]} 69. Kxh6 {[%emt 0:00:43]} Kxf4 {[%emt 0:02:01]} 70. g5 {[%emt 0:00:36]} Bc3 {[%emt 0:00:08]} 71. g6 {[%emt 0:00:07]} Kg4 {[%emt 0:01:09]} 72. g7 {[%emt 0:00:12]} Bxg7+ {[%emt 0:00:03]} 73. Kxg7 {[%emt 0:00:53]} Kxh5 {[%emt 0:00:03]} 1/2-1/2

[Event "Eurasia Open Cup 2019"]
[Site "Ekaterinburg"]
[Date "2019.08.09"]
[Round "9.1"]
[White "Kokarev, Dmitry"]
[Black "Sargsyan, Shant"]
[Result "1/2-1/2"]
[WhiteElo "2607"]
[BlackElo "2529"]
[Annotator "TA"]
[PlyCount "131"]
[EventDate "2019.07.31"]
[EventType "swiss"]
[EventCountry "RUS"]
[SourceTitle "playchess.com"]
[Source "ChessBase"]
[SourceQuality "1"]

{[%evp 21,131,16,22,14,9,3,18,25,21,0,10,11,11,9,15,0,0,-2,0,0,0,0,0,0,0,0,0,-13,-17,-16,-13,-13,18,14,22,0,0,0,0,0,11,10,10,0,14,14,14,14,8,2,2,2,2,4,14,2,2,2,3,3,3,10,15,15,15,15,15,14,14,14,14,15,15,15,15,0,0,0,0,0,0,0,0,0,8,0,8,0,0,0,0,0,0,0,0,0,0,0,0,0,0,0,0,0,0,0,0,0,0,0,0,0]} 1. e4 e5 2. Nf3 Nc6 3. Bb5 a6 4. Ba4 Nf6 5. O-O Be7 6. Re1 b5 7. Bb3 d6 8. c3 O-O 9. h3 Re8 10. d4 Bb7 11. a4 h6 12. axb5 {C92: Closed Ruy Lopez: 9...Be6, Karpov and Flohr-Zaitsev Variations} axb5 {[%cal Ba6b5,Bb5b4][%mdl 32]} 13. Rxa8 Qxa8 14. Na3 b4 15. Nc4 {[%cal Rd4e5] The position is equal.} Bf8 16. d5 Na5 17. Nxa5 $1 Qxa5 18. Bd2 bxc3 {[#]} 19. Bxc3 $146 ({Predecessor:} 19. bxc3 Rb8 {½-½ (47) Hovhannisyan,R (2637)-Harutyunian,T (2542) Yerevan 2019}) 19... Qc5 20. Ba4 Ra8 21. Nd2 Nh5 22. Qb3 Nf4 23. Qxb7 Rxa4 24. Qb3 Ra8 25. Qc4 Qxc4 26. Nxc4 Ra4 27. b3 Ra7 28. Na5 f5 {Threatening ...fxe4.} 29. f3 Kf7 30. Kh2 Be7 31. g3 Nd3 32. Re3 fxe4 33. fxe4 Nc5 34. b4 Nd7 35. Be1 Nf6 36. Kg2 Ke8 37. Kf3 Kd7 38. Ke2 Ra8 39. Kd3 Nh7 40. Re2 Ng5 41. Rf2 {And now h4 would win.} Rf8 42. Rxf8 Bxf8 $11 {[%mdl 4096] Endgame KBN-KBN} 43. h4 Nh7 44. Ke2 g5 45. hxg5 Nxg5 46. Kd3 h5 47. Nc4 Be7 48. Bf2 Nh3 49. Ke2 h4 50. gxh4 {Threatens to win with Bg3.} Nxf2 51. Kxf2 {[#] aiming for Kg3.} Bxh4+ {KB-KN} 52. Kf3 c6 53. Ke2 Kc7 54. Kd2 Bf2 55. Kc3 Bd4+ 56. Kd3 Bf2 57. Na3 cxd5 58. exd5 Kb6 59. Kc4 e4 60. Kc3 Be1+ 61. Kb3 Bg3 62. Nc2 Bf2 63. Kc4 e3 {[#] ...e2 is the strong threat.} 64. Nd4 Be1 65. Ne2 Bd2 66. Nd4 {Accuracy: White = 67%, Black = 74%.} 1/2-1/2